| 000 | 00753nam a2200241 4500 | ||
|---|---|---|---|
| 003 | OSt | ||
| 005 | 20260601171010.0 | ||
| 008 | 260420b1923\\\\xxua||||\||||\00|\0\eng\d | ||
| 020 | _a0823002438 | ||
| 040 |
_aICI _bspa _cICI |
||
| 050 |
_a NA2500 _bF64 |
||
| 100 | 1 |
_aFollis, John, _d1923-, _932875 |
|
| 245 | 1 |
_a Architectural signing and graphics _cBy John follis and dave hammer |
|
| 264 |
_bWhitney Library of Design _c1979 _aNew York |
||
| 300 | _a232 páginas | ||
| 336 |
_atexto _2rdacontent |
||
| 337 |
_asin medio _2rdamedia |
||
| 338 |
_avolumen _2rdacarrier |
||
| 650 |
_aSímbolos en arquitectura _932876 |
||
| 650 |
_aComunicación en el diseño arquitectónico _932877 |
||
| 700 |
_aHammer, Dave _dnacimiento 1923 _932878 |
||
| 942 |
_2ddc _cB |
||
| 999 |
_c20441 _d20441 |
||